LEADER 00870nam0-2200289---450- 001 990009647180403321 005 20121120100711.0 035 $a000964718 035 $aFED01000964718 035 $a(Aleph)000964718FED01 035 $a000964718 100 $a20121120d1939----km-y0itay50------ba 101 0 $aita 102 $aIT 105 $aa---j---001yy 200 1 $a<>piante che ridanno la salute$eossia le piante alimentari e alcune selvatiche comuni italiane nella medicina domestica$fGiuseppe Antonelli 205 $a2. ed. riveduta ed ampliata 210 $aRoma$cPustet$d1939 215 $a557 p.$d23 cm 700 1$aAntonelli,$bGiuseppe$079006 801 0$aIT$bUNINA$gRICA$2UNIMARC 901 $aBK 912 $a990009647180403321 952 $a615-1$b4232$fDMVBF 959 $aDMVBF 996 $aPiante che ridanno la salute$9395574 997 $aUNINA LEADER 01179nam--2200373---450- 001 990003543870203316 005 20110624154033.0 010 $a978-88-6132-712-2 035 $a000354387 035 $aUSA01000354387 035 $a(ALEPH)000354387USA01 035 $a000354387 100 $a20110624d2011----km-y0itay50------ba 101 $aita 102 $aIT 105 $a||||||||001yy 200 1 $aCodice amministrativo$eaggiornato con . il D.l.vo 14 marzo 2011, n. 23 (federalismo Fiscale Municipale)$fa cura di Francesco Bartolini 210 $aPiacenza$cLa Tribuna$d2011 215 $a2719 p.$d25 cm 225 2 $aTribunaGOLD 300 $aIn copertina : Concorso in Magistratura del 15-16-17 giugno 2011 410 0$12001$aTribunaGOLD 676 $a342.450602632 702 1$aBARTOLINI,$bFrancesco$f<1942- > 710 02$aITALIA$0423419 801 0$aIT$bsalbc$gISBD 912 $a990003543870203316 951 $aXXIV.3.A. 499$b71582 G.$cXXIV.3.A.$d00297412 959 $aBK 969 $aGIU 979 $aFIORELLA$b90$c20110624$lUSA01$h1530 979 $aFIORELLA$b90$c20110624$lUSA01$h1540 996 $aCodice amministrativo$9168058 997 $aUNISA